000
00200 a2200097 4500
001
4229
100
_a
Crouse,W.H
245
_a
Automotive mechanics
260
_a
_b
Mcgrawhill
_c
090
_c
3446
_d
3446
942
_a
NUST-CAE
_c
M
_c
27180
999
_c
239302
_d
239302